| 000 | 00329nam a2200109Ia 4500 | ||
|---|---|---|---|
| 008 | 200302s9999 xx 000 0 und d | ||
| 100 | _aFrancis-Jones Morehen Thorp | ||
| 245 | _aIn The Realm Of Learning : The University Of Sydneys New Law School | ||
| 260 | _bImages Publications Group, Australia | ||
| 260 | _c2009 | ||
| 300 | _a160 | ||
| 999 |
_c4721 _d4721 |
||